Listy o listech : příručka k určování listnatých stromů a keřů /

Main Author: Dunda, Karel, 1930-2019
Other Authors: Ditrich, Karel, ilustrátor
Language: Czech
Published: Praha : Mladá fronta, 1971
Edition: 1. vyd.
Series: Jak (Mladá fronta)
Online Access: Digitalizovaný dokument
Physical Description: 216, [3] s. ; příč. 12°
Book
Saved in:
LEADER 01293nam a22003492a 4500
001 000944649
003 CZ BrMZK
005 20240306131335.0
007 ta
008 090608s1971 xr a er|||||||||||cze d
015 |a cnb000132389 
035 |a (OCoLC)85231940 
040 |a BOA001  |b cze 
080 |a 581.412:581.45(076.2)(024.7) 
100 1 |a Dunda, Karel,  |d 1930-2019  |7 jk01023315  |4 aut 
245 1 0 |a Listy o listech :  |b příručka k určování listnatých stromů a keřů /  |c Karel Dunda ; ilustroval Karel Ditrich 
250 |a 1. vyd. 
260 |a Praha :  |b Mladá fronta,  |c 1971 
300 |a 216, [3] s. ;  |c příč. 12° 
490 1 |a Jak ;  |v sv. 38 
500 |a Vazba: Adolf Pražský 
500 |a 8000 výt. 
500 |a Obsahuje rejstřík 
700 1 |a Ditrich, Karel,  |c ilustrátor  |4 ill 
830 0 |a Jak (Mladá fronta)  |0 s 
856 4 1 |u http://www.digitalniknihovna.cz/mzk/uuid/uuid:6de2e2a0-28ca-11e7-9efd-005056827e52  |y Digitalizovaný dokument  |x NDK 
910 |a BOA001  |b 1-0647.159  |b PK-A-0013.412 
920 |a 000038004 
990 |a BK 
991 |b 200906 
996 6 |b 2619174868  |c 1-0647.159  |l MZK  |r Sklad / do 1 hodiny  |n 0  |w 000944649  |u 000010  |a 1  |e BOA001  |j MZK50  |s P 
996 7 |b 3119994983  |c PK-A-0013.412  |l MZK  |r Sklad / do 1 hodiny  |n 7  |w 000944649  |u 000020  |a 1  |e BOA001  |j MZK50  |s A